000 00363nam a22001337a 4500
005 20241203094122.0
008 241203b |||||||| |||| 00| 0 eng d
050 _aPN501.
_bP5 ART
245 _aART AND PSYCHOANALYSIS
260 _aNEW YORK
_bTHE WORLD PUBLISHING COMPANY
_cc1957
300 _axxiv, 533p
700 _aedited by WILLIAM PHILIPS
942 _2lcc
_cBK
_n0
999 _c1907
_d1907